تحميل...

The birth of the clinic /

التفاصيل البيبلوغرافية
المؤلف الرئيسي: Foucault, Michel
التنسيق: Printed Book
اللغة:English
منشور في: New York : Vintage Books, c1994.
الموضوعات:
LEADER 00685 a2200205 4500
008 150103s9999 000 0 eng
020 |a 0679753346 
082 0 0 |a 194  
100 1 |a Foucault, Michel. 
245 1 4 |a The birth of the clinic / 
260 |a New York :  |b Vintage Books,  |c c1994. 
300 |a xix, 215 p.  
500 |a Translation of Naissance de la clinique. 
500 |a Originally published: New York, Pantheon, 1973. 
650 0 |a Medicine. 
650 0 |a Philosophy. 
653 |a French. 
942 |c BK 
999 |c 303322  |d 303322 
952 |0 0  |1 0  |2 ddc  |4 0  |6 194_000000000000000_FOU_BI  |7 0  |9 346933  |a DRA  |b DRA  |c ST1  |d 2011-02-09  |i 6887  |l 0  |o 194 FOU/BI  |p DRA6887  |r 2019-01-03  |w 2019-01-03  |y BK